000 00811nam a22001817a 4500
005 20120418124059.0
020 _c195.00
_a8183610277
035 _aB-202089
037 _b
_adpl
082 _a355.0092
100 _aवाजपेय, अरूण
_945311
245 1 _aपाकिस्तान में युद्धकैद के वे दिन /
_cअरूण वाजपेय
260 _aनई दिल्ली
_bराधकृष्ण प्रकाशन
_c2006
270 _a
_b
_e
_k
300 _a171पृ.
_c22सेमी (सजिल्द)
942 _adpl
_cHN
_k
_2ddc
_h355.0092
_mवाजपे
999 _c65215
_d65215